Missing Word: 1986 Movies Quiz Stats

Quiz Updated Nov 30, 2014

Challenge
Share
Tweet
Embed
Score 0/19 Timer 04:00
2 Plays Today
Hint Answer % Correct
Ferris Bueller's _____ OffDay
98.4%
Pretty in _____Pink
97.6%
Stand by _____Me
96.7%
Crocodile _____Dundee
93.8%
Little _____ of HorrorsShop
92%
_____ GunTop
90.8%
¡Three _____!Amigos
83.9%
The _____ of MoneyColor
80%
_____ VelvetBlue
78.7%
An _____ TailAmerican
77.1%
Hint Answer % Correct
The _____ PitMoney
73.7%
Nine 1/2 _____Weeks
72.9%
_____ and Her SistersHannah
72.5%
Delta _____Force
60.6%
_____ and NancySid
58.4%
Castle in the _____Sky
57.2%
The Name of the _____Rose
37.6%
_____ RidgeHeartbreak
34.6%
_____ by LawDown
12.7%

Today's Daily Dose

You're not logged in!

Compare scores with friends on all Sporcle quizzes.
Sign Up with Email
OR
Log In

You Might Also Like...

Show Comments

Extras

Top Quizzes Today


Score Distribution

Your Account Isn't Verified!

In order to create a playlist on Sporcle, you need to verify the email address you used during registration. Go to your Sporcle Settings to finish the process.